000 00709nam a2200229 4500
003 OSt
005 20240627012242.0
006 a
008 240627b |||||||| |||| 00| 0 eng d
020 _a9789719398523
040 _aDWCL-Main lib.
_cOC
082 _aRes. 959.902 B219l 2008
100 _aAsuncion, Lopez Bantug
245 _aLolo Jose : an intimate and illustrated portrait of Jose Rizal /
260 _aQuezon City:
_bVibal Pub. House, Inc.,
_cc2008.
300 _axiii,
_b240 p. : ill. ;
_c28 cm.
504 _aIncludes index.
650 _a1. History-Philippines.
650 _a2. Philippines-History.
650 _a3. Philippine Heroes-Philippines.
942 _2ddc
_n0
_cBK-0 CIRC
_kRes.
999 _c1442
_d1442